[Event "Titled Tuesday intern op 23rd May Early"]
[Site "Chess.com INT"]
[Date "2023.05.23"]
[Round "1"]
[White "Iskusnyh, Sergei"]
[Black "Kovacsy, Barnabas"]
[Result "1-0"]
[WhiteElo "2440"]
[BlackElo "2266"]
[PlyCount "45"]
[EventDate "2023.05.23"]
[EventType "swiss (blitz)"]
[EventRounds "11"]
[EventCountry "USA"]
[SourceTitle "CBM 214 Extra"]
[Source "ChessBase"]
[SourceDate "2023.07.31"]
[SourceVersion "1"]
[SourceVersionDate "2023.07.31"]
[SourceQuality "1"]

1. d4 Nf6 2. c4 g6 3. g3 c6 4. Bg2 d5 5. e3 Bg7 6. Ne2 0-0 7. 0-0 dxc4 8. Na3 Be6 9. Qc2 Qc8 10. Nf4 Na6 11. Nxe6 Qxe6 12. Qxc4 Qd7 13. Bd2 Nd5 14. Rfd1 h5 15. Qb3 h4 16. Nc4 Rab8 17. e4 Nb6 18. Bf4 Nxc4 19. Bxb8 b5 20. Bf4 Bxd4 21. e5 c5 22. a4 Na5 23. Qxb5 1-0

[Event "Titled Tuesday intern op 23rd May Early"]
[Site "Chess.com INT"]
[Date "2023.05.23"]
[Round "4"]
[White "Mladek, Richard"]
[Black "Kovacsy, Barnabas"]
[Result "1-0"]
[WhiteElo "2422"]
[BlackElo "2266"]
[PlyCount "77"]
[EventDate "2023.05.23"]
[EventType "swiss (blitz)"]
[EventRounds "11"]
[EventCountry "USA"]
[SourceTitle "CBM 214 Extra"]
[Source "ChessBase"]
[SourceDate "2023.07.31"]
[SourceVersion "1"]
[SourceVersionDate "2023.07.31"]
[SourceQuality "1"]

1. c4 Nf6 2. Nc3 d5 3. cxd5 Nxd5 4. e4 Nxc3 5. bxc3 g6 6. d4 Bg7 7. Nf3 c5 8. h3 Nc6 9. Be3 Qa5 10. Bd2 0-0 11. Be2 Rd8 12. 0-0 cxd4 13. cxd4 Qb6 14. d5 Nd4 15. Nxd4 Qxd4 16. Rb1 Qxe4 17. Bf3 Qd4 18. Qe2 e6 19. Ba5 b6 20. Rfd1 Qa4 21. dxe6 Bxe6 22. Bxa8 Rxa8 23. Be1 Qxa2 24. Qf3 Re8 25. Bc3 Qa3 26. Rd3 Bf5 27. Qc6 Rc8 28. Qxc8+ Bxc8 29. Rd8+ Bf8 30. Bb4 Qa2 31. Rc1 Be6 32. Bxf8 f5 33. Bh6+ Kf7 34. Rc7+ Kf6 35. Bf4 g5 36. Rf8+ Kg6 37. Be5 f4 38. Rg7+ Kh5 39. Rxh7+ 1-0

[Event "Titled Tuesday intern op 04th Apr Early"]
[Site "Chess.com INT"]
[Date "2023.04.04"]
[Round "1"]
[White "Kovacsy, Barnabas"]
[Black "Rozman, Levy"]
[Result "0-1"]
[WhiteElo "2245"]
[BlackElo "2322"]
[PlyCount "100"]
[EventDate "2023.04.04"]
[EventType "swiss (blitz)"]
[EventRounds "11"]
[EventCountry "USA"]
[SourceTitle "EXT 2024"]
[Source "ChessBase"]
[SourceDate "2023.10.10"]
[SourceVersion "1"]
[SourceVersionDate "2023.10.10"]
[SourceQuality "1"]

1. e4 c6 2. d4 d5 3. Nc3 a6 4. Be2 g6 5. Nf3 Bg7 6. 0-0 dxe4 7. Nxe4 Nf6 8. Nxf6+ exf6 9. c3 0-0 10. Re1 Re8 11. Bf4 Bf5 12. Qb3 b5 13. a4 Nd7 14. Bf1 Be6 15. Qc2 Bd5 16. Nd2 Nb6 17. axb5 Rxe1 18. Rxe1 axb5 19. Be2 Qe7 20. Be3 Ra2 21. c4 bxc4 22. Nxc4 Nxc4 23. Bxc4 Qb4 24. Rc1 Rxb2 25. Qc3 Qxc3 26. Rxc3 Rb1+ 27. Bf1 f5 28. g3 h5 29. h4 Bf3 30. Rc2 Rd1 31. Rb2 Bxd4 32. Bxd4 Rxd4 33. Bg2 Bxg2 34. Kxg2 f4 35. Rc2 fxg3 36. fxg3 Rd6 37. Kf3 Kf8 38. Kf4 Ke7 39. Ke4 Kd7 40. Ra2 Ke6 41. Ra8 f5+ 42. Ke3 Kd5 43. Ra1 c5 44. Rd1+ Kc6 45. Ra1 c4 46. Ra5 Rd3+ 47. Kf2 c3 48. Ra6+ Kb5 49. Ra8 Kc4 50. Rc8+ Kb3 0-1

[Event "NED-chT 2223"]
[Site "Netherlands"]
[Date "2023.04.01"]
[Round "8.9"]
[White "Bijlsma, Nick"]
[Black "Kovacsy, Barnabas"]
[Result "0-1"]
[WhiteElo "2292"]
[BlackElo "2245"]
[PlyCount "134"]
[EventDate "2022.09.17"]
[EventType "team-tourn"]
[EventRounds "9"]
[EventCountry "NED"]
[SourceTitle "EXT 2024"]
[Source "ChessBase"]
[SourceDate "2023.10.10"]
[SourceVersion "1"]
[SourceVersionDate "2023.10.10"]
[SourceQuality "1"]
[WhiteTeam "De Stukkenjagers"]
[BlackTeam "Groningen Combinatie"]
[WhiteTeamCountry "NED"]
[BlackTeamCountry "NED"]

1. e4 c5 2. Nf3 e6 3. d4 cxd4 4. Nxd4 Nc6 5. Nc3 Qc7 6. Be3 a6 7. Be2 Nf6 8. a3 b5 9. Nxc6 dxc6 10. f4 e5 11. fxe5 Qxe5 12. Bd4 Qg5 13. e5 Nd5 14. Nxd5 cxd5 15. 0-0 Be6 16. b4 Be7 17. a4 0-0 18. c3 Rac8 19. axb5 axb5 20. Bxb5 Rxc3 21. Bxc3 Qe3+ 22. Kh1 Qxc3 23. Qe2 Qxb4 24. Bd3 g6 25. h3 Qh4 26. Bc2 Rc8 27. Ra4 Qh6 28. Kh2 Bd8 29. Bd3 Bc7 30. Raf4 Qg5 31. Kh1 Re8 32. Bb5 Re7 33. Ra4 Bxe5 34. Qf3 Rc7 35. Ra8+ Kg7 36. Qa3 Kh6 37. Qf8+ Bg7 38. Qd8 Qg3 39. Ra4 Be5 40. Qh4+ Qxh4 41. Rxh4+ Kg7 42. Be2 Rc2 43. Bf3 d4 44. Rd1 Rc4 45. Re4 Bf6 46. Ree1 Rc3 47. Kh2 Bb3 48. Rd2 Bc2 49. Rc1 Bf5 50. Rcd1 Be5+ 51. Kg1 Bxh3 52. Rxd4 Bxd4+ 53. Rxd4 Be6 54. Bd5 Bxd5 55. Rxd5 h5 56. Kh2 h4 57. Rd2 g5 58. Ra2 Kg6 59. Rb2 f5 60. Ra2 Kh5 61. Ra5 Kg4 62. Ra4+ f4 63. Ra5 h3 64. gxh3+ Rxh3+ 65. Kg2 f3+ 66. Kf2 Rh2+ 67. Kg1 Rb2 0-1

[Event "Titled Tuesday intern op 28th Feb Early"]
[Site "Chess.com INT"]
[Date "2023.02.28"]
[Round "3"]
[White "Sourath, Biswas"]
[Black "Kovacsy, Barnabas"]
[Result "0-1"]
[WhiteElo "2264"]
[BlackElo "2237"]
[PlyCount "58"]
[EventDate "2023.02.28"]
[EventType "swiss (blitz)"]
[EventRounds "11"]
[EventCountry "USA"]
[SourceTitle "CBM 213 Extra"]
[Source "ChessBase"]
[SourceDate "2023.05.31"]
[SourceVersion "1"]
[SourceVersionDate "2023.05.31"]
[SourceQuality "1"]

1. d4 Nf6 2. Bf4 g6 3. Nc3 d6 4. e4 Bg7 5. Qd2 0-0 6. 0-0-0 Nbd7 7. e5 Ne8 8. Bh6 c6 9. h4 Qa5 10. h5 dxe5 11. Bxg7 Nxg7 12. hxg6 fxg6 13. Qh6 Nf6 14. Bc4+ Be6 15. Bxe6+ Nxe6 16. Ne4 Rf7 17. Nxf6+ exf6 18. Nf3 Qxa2 19. dxe5 Qa1+ 20. Kd2 Qxb2 21. Ke2 Qxc2+ 22. Rd2 Qc4+ 23. Ke1 Re8 24. Re2 Nd4 25. Rd2 Nxf3+ 26. gxf3 Rxe5+ 27. Kd1 Qb3+ 28. Rc2 Rc5 29. Qd2 Rd5 0-1

[Event "Titled Tuesday intern op 03rd Jan Early"]
[Site "Chess.com INT"]
[Date "2023.01.03"]
[Round "4"]
[White "Kovacsy, Barnabas"]
[Black "Butolo, Alexandru Mircea"]
[Result "1-0"]
[WhiteElo "2237"]
[BlackElo "2102"]
[PlyCount "47"]
[EventDate "2023.01.03"]
[EventType "swiss (blitz)"]
[EventRounds "11"]
[EventCountry "USA"]
[SourceTitle "EXT 2024"]
[Source "ChessBase"]
[SourceDate "2023.10.10"]
[SourceVersion "1"]
[SourceVersionDate "2023.10.10"]
[SourceQuality "1"]

1. e4 c5 2. Nf3 Nc6 3. d4 cxd4 4. Nxd4 Nf6 5. Nc3 e6 6. Ndb5 Bc5 7. Bf4 0-0 8. Bc7 Qe7 9. Bd6 Bxd6 10. Nxd6 Ne8 11. Ncb5 Nxd6 12. Qxd6 Qd8 13. Nc7 Rb8 14. Rd1 Qf6 15. c3 Ne5 16. Be2 b5 17. Ne8 Rxe8 18. Qxb8 Qg6 19. 0-0 Nc6 20. Qf4 Bb7 21. Rxd7 e5 22. Qf5 Qxf5 23. exf5 Ba8 24. Bxb5 1-0

[Event "Titled Tuesday intern op 13th Dec Early"]
[Site "Chess.com INT"]
[Date "2022.12.13"]
[Round "1"]
[White "Kovacsy, Barnabas"]
[Black "Iskusnyh, Sergei"]
[Result "0-1"]
[WhiteElo "2236"]
[BlackElo "2443"]
[PlyCount "30"]
[EventDate "2022.12.13"]
[EventType "swiss (blitz)"]
[EventRounds "11"]
[EventCountry "USA"]
[SourceTitle "EXT 2024"]
[Source "ChessBase"]
[SourceDate "2023.10.10"]
[SourceVersion "1"]
[SourceVersionDate "2023.10.10"]
[SourceQuality "1"]

1. e4 e6 2. d4 d5 3. exd5 exd5 4. Nf3 Nf6 5. Bd3 c5 6. c3 Nc6 7. 0-0 Be7 8. Re1 0-0 9. Bf4 Bg4 10. h3 Bh5 11. dxc5 Bxc5 12. Qc2 Rc8 13. Nbd2 Bb6 14. Bg5 h6 15. Bh4 Nb4 0-1

[Event "Titled Tuesday intern op 18th Oct Early"]
[Site "Chess.com INT"]
[Date "2022.10.18"]
[Round "5"]
[White "Kovacsy, Barnabas"]
[Black "Sadykov, Ramil"]
[Result "1-0"]
[WhiteElo "2230"]
[BlackElo "2345"]
[PlyCount "153"]
[EventDate "2022.10.18"]
[EventType "swiss (blitz)"]
[EventRounds "11"]
[EventCountry "USA"]
[SourceTitle "EXT 2024"]
[Source "ChessBase"]
[SourceDate "2023.10.10"]
[SourceVersion "1"]
[SourceVersionDate "2023.10.10"]
[SourceQuality "1"]

1. e4 c5 2. Nf3 Nc6 3. d4 cxd4 4. Nxd4 Nf6 5. Nc3 d6 6. Be2 Bd7 7. Be3 Rc8 8. 0-0 g6 9. Nxc6 Bxc6 10. f3 Qa5 11. a3 Bg7 12. Qd2 a6 13. Kh1 0-0 14. Qe1 Kh8 15. Qf2 Qc7 16. Rad1 Qd7 17. Bd4 Qe6 18. b3 b5 19. Rfe1 Nh5 20. Bxg7+ Nxg7 21. Bd3 Qf6 22. Ne2 Qb2 23. Qd4 Qxd4 24. Nxd4 Bd7 25. c4 bxc4 26. Bxc4 a5 27. Rc1 Rb8 28. Bd5 e6 29. Bc4 Nh5 30. g3 Nf6 31. Kg2 Ng8 32. Kf2 Ne7 33. Ke3 Rfc8 34. Kd2 Nc6 35. Nxc6 Bxc6 36. Rc3 a4 37. b4 d5 38. exd5 exd5 39. Be2 Bd7 40. Rec1 Re8 41. Rc7 Bf5 42. Rxf7 Be6 43. Ra7 Rbc8 44. Rcc7 Rxc7 45. Rxc7 d4 46. Bd3 Bb3 47. b5 Rb8 48. Rd7 Be6 49. Rxd4 Kg7 50. Rd6 Kf6 51. Ra6 Ke5 52. f4+ Kd5 53. Rxa4 Kc5 54. Ra6 Bd5 55. Ra7 Kd4 56. Rxh7 Rc8 57. b6 Rc3 58. Bc2 Rc4 59. Bb3 Rc5 60. Bxd5 Kxd5 61. b7 Rb5 62. Kc3 Kc6 63. Kc4 Rb1 64. a4 Rc1+ 65. Kd4 Rd1+ 66. Ke5 Rb1 67. Kf6 Kb6 68. b8Q+ Ka5 69. Qa7+ Kb4 70. Rb7+ Ka3 71. Rxb1 Ka2 72. Qf2+ Kxb1 73. a5 g5 74. a6 gxf4 75. a7 Kc1 76. a8Q fxg3 77. Qh1# 1-0

[Event "Titled Tuesday intern op 18th Oct Early"]
[Site "Chess.com INT"]
[Date "2022.10.18"]
[Round "4"]
[White "Poliakova, Varvara"]
[Black "Kovacsy, Barnabas"]
[Result "0-1"]
[WhiteElo "2013"]
[BlackElo "2230"]
[PlyCount "64"]
[EventDate "2022.10.18"]
[EventType "swiss (blitz)"]
[EventRounds "11"]
[EventCountry "USA"]
[SourceTitle "EXT 2024"]
[Source "ChessBase"]
[SourceDate "2023.10.10"]
[SourceVersion "1"]
[SourceVersionDate "2023.10.10"]
[SourceQuality "1"]

1. e4 c5 2. Nf3 e6 3. d4 cxd4 4. Nxd4 Nc6 5. Nc3 Qc7 6. Qd3 a6 7. Nxc6 bxc6 8. Qg3 Qxg3 9. hxg3 d5 10. f3 Nf6 11. Bd3 Bc5 12. g4 dxe4 13. Nxe4 Nxe4 14. Bxe4 Bd7 15. b3 f5 16. gxf5 exf5 17. Bd3 Bd4 18. Rb1 Kf7 19. Bb2 Rae8+ 20. Kd2 Bxb2 21. Rxb2 a5 22. Rbb1 f4 23. Rh4 g5 24. Rxh7+ Rxh7 25. Bxh7 Rh8 26. Bd3 Rh2 27. Bf1 Bh3 28. Re1 g4 29. Re4 Bxg2 30. Rxf4+ Ke6 31. Bc4+ Ke5 32. Rd4 Kxd4 0-1